Test de rapidité - Tapez le plus vite possible sur clavier #5 (hard) - Statistiques

Statistiques générales
  • Ce quiz a été pris 75 fois
  • Le résultat moyen est 51 sur 200
Statistiques - réponses
Réponses % Correct
P
100%
I
94%
O
94%
U
91%
O
89%
P
89%
I
86%
I
86%
O
86%
P
86%
U
86%
U
86%
P
80%
I
77%
O
77%
U
77%
I
74%
O
74%
O
74%
P
74%
P
74%
U
74%
I
71%
O
71%
P
71%
U
71%
I
69%
I
69%
O
69%
P
69%
P
69%
U
69%
U
69%
O
66%
I
60%
I
60%
O
60%
P
60%
U
60%
I
57%
O
57%
P
57%
P
57%
U
57%
U
57%
O
54%
I
51%
P
46%
U
46%
O
43%
I
40%
U
40%
I
37%
I
37%
O
37%
O
37%
P
37%
P
37%
P
37%
U
37%
U
37%
O
34%
I
31%
O
29%
P
29%
U
29%
I
23%
I
23%
O
23%
O
23%
P
23%
P
23%
U
23%
U
23%
I
20%
I
20%
O
20%
P
20%
P
20%
U
20%
U
20%
I
17%
O
17%
I
14%
O
14%
P
14%
U
14%
I
11%
I
11%
I
11%
I
11%
O
11%
O
11%
O
11%
O
11%
P
11%
P
11%
P
11%
P
11%
U
11%
U
11%
U
11%
U
11%
U
11%
I
9%
O
9%
P
9%
U
9%
I
6%
I
6%
I
6%
O
6%
O
6%
O
6%
O
6%
P
6%
P
6%
P
6%
P
6%
U
6%
U
6%
U
6%
I
3%
I
3%
I
3%
I
3%
I
3%
I
3%
I
3%
I
3%
I
3%
I
3%
I
3%
I
3%
I
3%
I
3%
I
3%
I
3%
I
3%
I
3%
I
3%
I
3%
O
3%
O
3%
O
3%
O
3%
O
3%
O
3%
O
3%
O
3%
O
3%
O
3%
O
3%
O
3%
O
3%
O
3%
O
3%
O
3%
O
3%
O
3%
O
3%
P
3%
P
3%
P
3%
P
3%
P
3%
P
3%
P
3%
P
3%
P
3%
P
3%
P
3%
P
3%
P
3%
P
3%
P
3%
P
3%
P
3%
P
3%
P
3%
U
3%
U
3%
U
3%
U
3%
U
3%
U
3%
U
3%
U
3%
U
3%
U
3%
U
3%
U
3%
U
3%
U
3%
U
3%
U
3%
U
3%
U
3%
U
3%
U
3%
Aucun quiz correspondant
Distribution des résultats
% des personnes avec chaque résultat
Percentile par nombre de réponses
Votre historique - résultats
Vous n’avez pas pris ce quiz